000
00235nam a2200109 4500
001
16465
090
_a
16465
100
_a
20260129 pory50
200
_a
A voz lĂrica do Alentejo
215
_a
Vol. 2
801
_a
PT
_b
BMA
_g
RPC
990
_c
LIVROS